<?xml version="1.0" encoding="UTF-8"?>
<record
    xmlns:xsi="http://www.w3.org/2001/XMLSchema-instance"
    xsi:schemaLocation="http://www.loc.gov/MARC21/slim http://www.loc.gov/standards/marcxml/schema/MARC21slim.xsd"
    xmlns="http://www.loc.gov/MARC21/slim">

  <leader>03021nam a2200301 a 4500</leader>
  <controlfield tag="001">000020454</controlfield>
  <controlfield tag="003">DO-SdBNP</controlfield>
  <controlfield tag="005">20250306095650.0</controlfield>
  <controlfield tag="007">ta</controlfield>
  <controlfield tag="008">150526s2016    dr            000 0 spa d</controlfield>
  <datafield tag="020" ind1=" " ind2=" ">
    <subfield code="a">9789945902358</subfield>
  </datafield>
  <datafield tag="040" ind1=" " ind2=" ">
    <subfield code="a">DO-SdBNP</subfield>
    <subfield code="b">spa</subfield>
    <subfield code="c">BNPHU</subfield>
    <subfield code="e">rda</subfield>
  </datafield>
  <datafield tag="082" ind1=" " ind2="4">
    <subfield code="2">22</subfield>
    <subfield code="a">xxx</subfield>
    <subfield code="b">xxx</subfield>
  </datafield>
  <datafield tag="111" ind1="2" ind2=" ">
    <subfield code="a">Premio Internacional Pedro Henr&#xED;quez Ure&#xF1;a</subfield>
    <subfield code="d">(2016:</subfield>
    <subfield code="c">Santo Domingo )</subfield>
    <subfield code="9">43125</subfield>
  </datafield>
  <datafield tag="245" ind1="0" ind2="0">
    <subfield code="a">Memoria :</subfield>
    <subfield code="b">Premio Internacional Pedro Henr&#xED;quez Ure&#xF1;a 2015 otorgado al poeta nicarag&#xFC;ense Ernesto Cardenal y al escritor uruguayo Eduardo Galeando /</subfield>
    <subfield code="c">compilador, editor, Luis O. Brea Franco ; pr&#xF3;logo, Luis O. Brea Franco.</subfield>
  </datafield>
  <datafield tag="264" ind1=" " ind2="1">
    <subfield code="a">Santo Domingo :</subfield>
    <subfield code="b">Ministerio de Cultura,</subfield>
    <subfield code="c">2016.</subfield>
  </datafield>
  <datafield tag="300" ind1=" " ind2=" ">
    <subfield code="a">135 p&#xE1;ginas :</subfield>
    <subfield code="b">ilustraciones, retratos ;</subfield>
    <subfield code="c">23 cm.</subfield>
  </datafield>
  <datafield tag="336" ind1=" " ind2=" ">
    <subfield code="a">texto</subfield>
    <subfield code="b">txt</subfield>
    <subfield code="2">rdacontent</subfield>
  </datafield>
  <datafield tag="337" ind1=" " ind2=" ">
    <subfield code="a">sin mediaci&#xF3;n</subfield>
    <subfield code="b">n</subfield>
    <subfield code="2">rdamedia</subfield>
  </datafield>
  <datafield tag="338" ind1=" " ind2=" ">
    <subfield code="a">volumen</subfield>
    <subfield code="b">nc</subfield>
    <subfield code="2">rdacarrier</subfield>
  </datafield>
  <datafield tag="500" ind1=" " ind2=" ">
    <subfield code="a">Incluye referencias bibliogr&#xE1;ficas y notas al pie de las p&#xE1;ginas.</subfield>
  </datafield>
  <datafield tag="504" ind1=" " ind2=" ">
    <subfield code="a">Bibliograf&#xED;a : p&#xE1;ginas 133</subfield>
  </datafield>
  <datafield tag="505" ind1="0" ind2=" ">
    <subfield code="a">Premio Internacional Pedro Henr&#xED;quez Ure&#xF1;a --</subfield>
    <subfield code="t">Pr&#xF3;logo --</subfield>
    <subfield code="t">Presentaci&#xF3;n de Beatriz Sarlo galardonada Con el premio Pedro Henr&#xED;quez Ure&#xF1;a 2015 Por el se&#xF1;or Ministro de Cultura Jos&#xE9; Antonio Rodr&#xED;guez Duverg&#xE9; --</subfield>
    <subfield code="t">Dictamen Premio Internacional Pedro Henr&#xED;quez Ure&#xF1;a que se otorga al esayista argentino Beatriz Sarlo --</subfield>
    <subfield code="t">Lecci&#xF3;n Magistral de la Galardonada Beatriz Sarlo --</subfield>
    <subfield code="t">Coloquio Beatriz Sarlo y las nuevas constelaciones de la cr&#xED;tica en nuestra America, secci&#xF3;n uno --</subfield>
    <subfield code="t">Testimonio por la Doctora Sylvia Molly --</subfield>
    <subfield code="t">Beatriz Sarlo : una lectora en el mundo</subfield>
    <subfield code="t">Coloquio "Pedro Henr&#xED;quez Ure&#xF1;a Pedro y el pensamiento cr&#xED;tico en Nuestra Am&#xE9;rica, secci&#xF3;n dos</subfield>
  </datafield>
  <datafield tag="505" ind1="0" ind2=" ">
    <subfield code="a">Pedro Henr&#xED;quez Ure&#xF1;a y la biblioteca americana: asomo a un proyecto editorial</subfield>
    <subfield code="r">Liliana Weinberg --</subfield>
    <subfield code="t">Cosmopolitismo, latinoamericanismo y humanismo : notas sobre Pedro Henr&#xED;quez Ure&#xF1;a a prop&#xF3;sito/</subfield>
    <subfield code="r">Ignacio R. S&#xE1;nchez Prado --</subfield>
    <subfield code="t">Entre la convicci&#xF3;n y la duda : El pensamiento cr&#xED;tico en torno a Pedro Henr&#xED;que Ure&#xF1;a /</subfield>
    <subfield code="r">Dr. Juan R. Valdez</subfield>
    <subfield code="t">Presentaci&#xF3;n de los catorce tomos de las Obras de Pedro Henr&#xED;quez Ure&#xF1;a compiladas por Miguel D. Mena y el libro "Seis ensayos en busca de Pedro Henr&#xED;quez Ure&#xF1;a" de la Dra. Liliana Weinberg.</subfield>
    <subfield code="t">Secci&#xF3;n tres :</subfield>
    <subfield code="t">Presentaci&#xF3;n por parte del honorable se&#xF1;or ministro de cultura de la Rep&#xFA;blica Dominicana Jos&#xE9; Antonio Rodr&#xED;guez Duverg&#xE9; de las obras completas de Pedro Henr&#xED;quez Ure&#xF1;a --</subfield>
    <subfield code="t">Hacia las obras completas de Pedro Henr&#xED;quez Ure&#xF1;a por el compilador de la colecci&#xF3;n /</subfield>
    <subfield code="r">Miguel D. Mena --</subfield>
    <subfield code="t">Presentaci&#xF3;n del libro Seis ensayos en busca de Pedro Henr&#xED;quez Ure&#xF1;a de la Dra. Liliana Weinberg /</subfield>
    <subfield code="r">Brea Franco, Luis O. --</subfield>
    <subfield code="t">Presentaci&#xF3;n en la Feria del Libro Dominicano en New York : Seis Ensayos en busca de Pedro Henr&#xED;quez Ure&#xF1;a de la Dra. Liliana Weinberg/</subfield>
    <subfield code="r">Juan R. Valdez --</subfield>
    <subfield code="t">Ap&#xE9;ndice.</subfield>
  </datafield>
  <datafield tag="586" ind1=" " ind2=" ">
    <subfield code="a">Premio Internacional Pedro Henr&#xED;quez Ure&#xF1;a, 2015</subfield>
  </datafield>
  <datafield tag="700" ind1="1" ind2=" ">
    <subfield code="a">Brea Franco, Luis O.,</subfield>
    <subfield code="e">compilador</subfield>
    <subfield code="4">comp.</subfield>
    <subfield code="9">7125</subfield>
  </datafield>
  <datafield tag="942" ind1=" " ind2=" ">
    <subfield code="2">ddc</subfield>
    <subfield code="c">LBS1</subfield>
  </datafield>
  <datafield tag="952" ind1=" " ind2=" ">
    <subfield code="0">0</subfield>
    <subfield code="1">0</subfield>
    <subfield code="2">ddc</subfield>
    <subfield code="5">6</subfield>
    <subfield code="7">0</subfield>
    <subfield code="8">DS</subfield>
    <subfield code="a">BNPHU</subfield>
    <subfield code="b">BNPHU</subfield>
    <subfield code="c">CT</subfield>
    <subfield code="d">2017-06-02</subfield>
    <subfield code="l">0</subfield>
    <subfield code="o">BNPHU DS </subfield>
    <subfield code="p">20454-30</subfield>
    <subfield code="r">2020-06-25</subfield>
    <subfield code="t">e. 3</subfield>
    <subfield code="w">2020-06-25</subfield>
    <subfield code="y">LBS1</subfield>
    <subfield code="Z">Pr&#xE9;stamo en sala</subfield>
  </datafield>
  <datafield tag="952" ind1=" " ind2=" ">
    <subfield code="0">0</subfield>
    <subfield code="1">0</subfield>
    <subfield code="2">ddc</subfield>
    <subfield code="5">1</subfield>
    <subfield code="7">0</subfield>
    <subfield code="8">PD</subfield>
    <subfield code="a">BNPHU</subfield>
    <subfield code="b">BNPHU</subfield>
    <subfield code="c">CT</subfield>
    <subfield code="d">2017-06-02</subfield>
    <subfield code="l">0</subfield>
    <subfield code="o">BNPHU PD </subfield>
    <subfield code="p">20454-10</subfield>
    <subfield code="r">2020-06-25</subfield>
    <subfield code="w">2020-06-25</subfield>
    <subfield code="y">LBS1</subfield>
    <subfield code="Z">No se presta</subfield>
  </datafield>
  <datafield tag="952" ind1=" " ind2=" ">
    <subfield code="0">0</subfield>
    <subfield code="1">0</subfield>
    <subfield code="2">ddc</subfield>
    <subfield code="5">1</subfield>
    <subfield code="7">0</subfield>
    <subfield code="8">PD</subfield>
    <subfield code="a">BNPHU</subfield>
    <subfield code="b">BNPHU</subfield>
    <subfield code="c">CT</subfield>
    <subfield code="d">2017-06-02</subfield>
    <subfield code="l">0</subfield>
    <subfield code="o">BNPHU PD </subfield>
    <subfield code="p">20454-20</subfield>
    <subfield code="r">2020-06-25</subfield>
    <subfield code="t">e. 2</subfield>
    <subfield code="w">2020-06-25</subfield>
    <subfield code="y">LBS1</subfield>
    <subfield code="Z">No se presta</subfield>
  </datafield>
  <datafield tag="999" ind1=" " ind2=" ">
    <subfield code="c">19958</subfield>
    <subfield code="d">19958</subfield>
  </datafield>
</record>
